[Event "Mumbai Wealth op 4th"]
[Site "Mumbai"]
[Date "2019.01.03"]
[Round "5"]
[White "Bhasima, Prashan"]
[Black "Larmet, Nino"]
[Result "1-0"]
[WhiteElo "1658"]
[BlackElo "1835"]
[PlyCount "155"]
[EventDate "2018.12.30"]
[EventType "swiss"]
[EventRounds "9"]
[EventCountry "IND"]
[SourceTitle "CBM 188 Extra"]
[Source "ChessBase"]
[SourceDate "2019.02.26"]
[SourceVersion "1"]
[SourceVersionDate "2019.02.26"]
[SourceQuality "1"]

1. e4 e5 2. Nf3 Nc6 3. Bc4 Bc5 4. c3 Nf6 5. d4 exd4 6. cxd4 Bb4+ 7. Bd2 Bxd2+ 8. Nbxd2 d5 9. exd5 Nxd5 10. 0-0 0-0 11. h3 Nb6 12. d5 Nxd5 13. Ne4 Nb6 14. Bb3 Bf5 15. Ng3 Bg6 16. Qc1 Qf6 17. Re1 Rfe8 18. Qd2 Rad8 19. Rad1 Rxe1+ 20. Rxe1 h6 21. Qc1 Nd5 22. Bxd5 Rxd5 23. b4 Qd8 24. a3 a5 25. bxa5 Rxa5 26. Qb2 b6 27. Rc1 Qd7 28. Nh4 Bh7 29. Nf3 Rd5 30. Qe2 Nd4 31. Nxd4 Rxd4 32. Rxc7 Qd8 33. Re7 Kf8 34. Re3 Rd7 35. Qb2 Rd1+ 36. Kh2 Bg6 37. Qb4+ Qd6 38. Qa4 Qd7 39. Qa8+ Qd8 40. Qc6 Rd3 41. Rxd3 Bxd3 42. Qc3 Bg6 43. Qb4+ Kg8 44. f4 Qc7 45. Qd4 Qe7 46. f5 Bh7 47. a4 Qc7 48. Qe4 Qb8 49. h4 Qd8 50. h5 Qc8 51. Kg1 Qb8 52. Ne2 Qc8 53. g4 Qd8 54. Kg2 Kf8 55. Kf3 Qe7 56. Nf4 Qa3+ 57. Nd3 Qe7 58. Ne5 Qa3+ 59. Kf4 Qc1+ 60. Kf3 Qa3+ 61. Kg2 Qb2+ 62. Kh3 Qa3+ 63. Nf3 Qe7 64. Qf4 Qd8 65. Qb4+ Kg8 66. Kg3 Qc7+ 67. Qf4 Qd8 68. Nd4 g6 69. fxg6 fxg6 70. hxg6 Bxg6 71. Qxh6 Qxd4 72. Qxg6+ Kf8 73. Qf5+ Kg8 74. Qg5+ Kh8 75. Qf4 Qc3+ 76. Kh4 Qe1+ 77. Kg5 Qa5+ 78. Kg6 1-0

[Event "Mumbai Wealth op U13 4th"]
[Site "Mumbai"]
[Date "2019.01.03"]
[Round "5"]
[White "Renganayaki, Venkatesh"]
[Black "Larmet, Nino"]
[Result "1/2-1/2"]
[WhiteElo "1376"]
[BlackElo "1835"]
[PlyCount "83"]
[EventDate "2018.12.30"]
[EventType "swiss"]
[EventRounds "9"]
[EventCountry "IND"]
[SourceTitle "CBM 188 Extra"]
[Source "ChessBase"]
[SourceDate "2019.02.26"]
[SourceVersion "1"]
[SourceVersionDate "2019.02.26"]
[SourceQuality "1"]

1. d4 Nf6 2. c4 e6 3. Nf3 d5 4. Nc3 c6 5. Bg5 dxc4 6. e4 b5 7. e5 h6 8. Bh4 g5 9. Nxg5 hxg5 10. Bxg5 Nbd7 11. exf6 Bb7 12. g3 Bd6 13. Bg2 Qc7 14. 0-0 0-0-0 15. Ne4 e5 16. Nxd6+ Qxd6 17. dxe5 Qxe5 18. Bf4 Qxf6 19. Qd6 Qxd6 20. Bxd6 c5 21. Rac1 Bxg2 22. Kxg2 Kb7 23. Rfd1 Kc6 24. Bf4 Nb6 25. Rxd8 Rxd8 26. h4 Nd5 27. h5 Nxf4+ 28. gxf4 Rh8 29. Rh1 Kd5 30. Kf3 c3 31. bxc3 Kc4 32. Ke3 Kxc3 33. Rc1+ Kb4 34. a3+ Kxa3 35. Rxc5 a6 36. Kd3 Kb4 37. Rg5 a5 38. Kc2 a4 39. f5 Rh7 40. Rg4+ Ka5 41. Rh4 b4 42. h6 1/2-1/2

[Event "Mumbai Wealth op 4th"]
[Site "Mumbai"]
[Date "2019.01.01"]
[Round "3"]
[White "Srija, Seshadri"]
[Black "Larmet, Nino"]
[Result "1-0"]
[WhiteElo "2210"]
[BlackElo "1835"]
[PlyCount "41"]
[EventDate "2018.12.30"]
[EventType "swiss"]
[EventRounds "9"]
[EventCountry "IND"]
[SourceTitle "CBM 188 Extra"]
[Source "ChessBase"]
[SourceDate "2019.02.26"]
[SourceVersion "1"]
[SourceVersionDate "2019.02.26"]
[SourceQuality "1"]

1. e4 e5 2. Nf3 Nc6 3. Bb5 a6 4. Ba4 Nf6 5. 0-0 Be7 6. Re1 b5 7. Bb3 d6 8. c3 0-0 9. d4 Bg4 10. Be3 Na5 11. dxe5 dxe5 12. Qxd8 Raxd8 13. Nxe5 Bh5 14. Nd2 Bd6 15. Nef3 Rde8 16. Bd4 Nd7 17. e5 Be7 18. e6 Nc5 19. exf7+ Bxf7 20. Bxf7+ Rxf7 21. Bxc5 1-0

[Event "Mumbai Wealth op U13 4th"]
[Site "Mumbai"]
[Date "2018.12.31"]
[Round "2"]
[White "Dabhade, Arnav"]
[Black "Larmet, Nino"]
[Result "1-0"]
[WhiteElo "1064"]
[BlackElo "1835"]
[PlyCount "76"]
[EventDate "2018.12.30"]
[EventType "swiss"]
[EventRounds "9"]
[EventCountry "IND"]
[SourceTitle "CBM 188 Extra"]
[Source "ChessBase"]
[SourceDate "2019.02.26"]
[SourceVersion "1"]
[SourceVersionDate "2019.02.26"]
[SourceQuality "1"]

1. e4 e5 2. Nf3 Nc6 3. Bc4 Bc5 4. Nc3 Nf6 5. d3 h6 6. 0-0 0-0 7. Be3 Bb6 8. h3 d6 9. Qd2 Na5 10. Bb5 Bxe3 11. Qxe3 a6 12. Ba4 b5 13. Bb3 Nxb3 14. axb3 c5 15. Rfe1 Be6 16. Red1 Nh5 17. Ne2 f5 18. exf5 Bxf5 19. g4 Qf6 20. gxf5 Qxf5 21. Nh2 Rf6 22. Rf1 Raf8 23. Kh1 Qc8 24. Rad1 Qa8+ 25. f3 Qd5 26. Rf2 c4 27. bxc4 bxc4 28. Qe4 Qe6 29. Qxc4 d5 30. Qg4 Qf7 31. Qg2 Rg6 32. Ng4 Nf4 33. Nxf4 Qxf4 34. Qh2 Qxh2+ 35. Kxh2 Re6 36. Re1 Rb8 37. b3 Rbe8 38. Rfe2 Kf7 1-0

[Event "Mumbai Wealth op 4th"]
[Site "Mumbai"]
[Date "2018.12.31"]
[Round "2"]
[White "Larmet, Nino"]
[Black "Banerjee, Sushant"]
[Result "0-1"]
[WhiteElo "1835"]
[BlackElo "2198"]
[PlyCount "116"]
[EventDate "2018.12.30"]
[EventType "swiss"]
[EventRounds "9"]
[EventCountry "IND"]
[SourceTitle "CBM 188 Extra"]
[Source "ChessBase"]
[SourceDate "2019.02.26"]
[SourceVersion "1"]
[SourceVersionDate "2019.02.26"]
[SourceQuality "1"]

1. e4 d5 2. exd5 Nf6 3. d4 Bg4 4. Be2 Bxe2 5. Nxe2 Qxd5 6. Nf4 Qf5 7. Qd3 Qxd3 8. Nxd3 Nc6 9. c3 0-0-0 10. Bf4 Nh5 11. Bg3 f6 12. f4 e5 13. fxe5 Nxg3 14. hxg3 fxe5 15. Nxe5 Re8 16. Kd1 Nxe5 17. dxe5 Rxe5 18. Nd2 Bd6 19. Nf3 Rd5+ 20. Kc2 Bxg3 21. Rad1 Rxd1 22. Rxd1 Re8 23. b3 Re2+ 24. Rd2 Rxd2+ 25. Kxd2 Kd7 26. Ke3 Ke6 27. Ng5+ Kf5 28. Ne4 Kg4 29. c4 Bf4+ 30. Kf2 Be5 31. g3 h5 32. Kg2 Bd4 33. Nd2 g5 34. Nf3 Bf6 35. Nh2+ Kf5 36. Kf3 g4+ 37. Ke3 c5 38. Nf1 h4 39. Ke2 hxg3 40. Ne3+ Ke4 41. Ng2 Bg5 42. Ne1 Kd4 43. Ng2 Kc3 44. Ne1 b6 45. Ng2 a5 46. Ne1 a4 47. Ng2 Bf6 48. Ne3 Bd4 49. Ng2 Bf2 50. Nf4 Bg1 51. Ng2 axb3 52. axb3 Kxb3 53. Kd3 b5 54. cxb5 c4+ 55. Ke2 c3 56. Ne1 g2 57. Kd1 Bc5 58. Nxg2 c2+ 0-1

[Event "Mumbai Wealth op U13 4th"]
[Site "Mumbai"]
[Date "2018.12.30"]
[Round "1"]
[White "Larmet, Nino"]
[Black "Aarna, Chugh"]
[Result "1/2-1/2"]
[WhiteElo "1835"]
[BlackElo "1164"]
[PlyCount "110"]
[EventDate "2018.12.30"]
[EventType "swiss"]
[EventRounds "9"]
[EventCountry "IND"]
[SourceTitle "CBM 188 Extra"]
[Source "ChessBase"]
[SourceDate "2019.02.26"]
[SourceVersion "1"]
[SourceVersionDate "2019.02.26"]
[SourceQuality "1"]

1. e4 c5 2. Nc3 e6 3. g3 d5 4. Bg2 Nf6 5. e5 Nfd7 6. f4 Nc6 7. Nf3 Be7 8. 0-0 0-0 9. d4 cxd4 10. Ne2 Bc5 11. Nexd4 Nxd4 12. Nxd4 Qb6 13. c3 f6 14. Kh1 fxe5 15. Nxe6 Rf6 16. Bxd5 Kh8 17. f5 h6 18. Bg5 Qd6 19. Bxf6 Nxf6 20. c4 Bxe6 21. Bxe6 Qxd1 22. Raxd1 Ng4 23. Rd2 Bd4 24. Rf3 Rd8 25. Bd5 b6 26. Re2 Nf6 27. Be6 e4 28. Rf1 Be5 29. Bd5 Nxd5 30. cxd5 Rxd5 31. Rxe4 Bxb2 32. Re8+ Kh7 33. Re7 Bf6 34. Rxa7 Rd2 35. Rb1 Rf2 36. Rxb6 Bd4 37. Rbb7 Bxa7 38. Rxa7 Rxf5 39. a4 Rf2 40. a5 Ra2 41. a6 Kg6 42. Ra8 Kh5 43. h3 Kg6 44. a7 Kf7 45. Kg1 Kg6 46. Kf1 Kg5 47. Ke1 Kg6 48. Kd1 Kg5 49. Kc1 Kg6 50. Kb1 Ra6 51. Kc2 Rc6+ 52. Kd3 Rc7 53. Kd4 Rf7 54. Ke4 Kg5 55. Kd5 Kg6 1/2-1/2

[Event "Reunion op 20th"]
[Site "St Denis"]
[Date "2018.10.16"]
[Round "4"]
[White "Larmet, Nino"]
[Black "Le Maguet, Loan"]
[Result "1/2-1/2"]
[WhiteElo "1786"]
[BlackElo "1420"]
[PlyCount "124"]
[EventDate "2018.10.14"]
[EventType "swiss"]
[EventRounds "9"]
[EventCountry "RUF"]
[SourceTitle "CBM 187 Extra"]
[Source "ChessBase"]
[SourceDate "2018.11.04"]
[SourceVersion "1"]
[SourceVersionDate "2018.11.04"]
[SourceQuality "1"]

1. d4 Nf6 2. Bf4 g6 3. Nc3 d5 4. e3 Bg7 5. h4 0-0 6. h5 Nxh5 7. Rxh5 gxh5 8. Qxh5 e6 9. Bd3 f5 10. Nf3 Nd7 11. 0-0-0 Nf6 12. Qh2 Ng4 13. Qg3 Rf7 14. Ng5 Re7 15. f3 Nf6 16. Rh1 h6 17. Nh3 Kf7 18. Be5 Qg8 19. Nf4 Bh8 20. Qxg8+ Kxg8 21. Ng6 Rf7 22. Nxh8 Kxh8 23. Bxf5 exf5 24. Rxh6+ Kg7 25. Rxf6 Rxf6 26. Nxd5 Kf7 27. Nxf6 c6 28. Nh5 Be6 29. Nf4 Bd5 30. a3 b5 31. Kd2 a5 32. Kc3 Rg8 33. b3 Ra8 34. Kd3 a4 35. b4 Bc4+ 36. Kd2 Bd5 37. Ke2 Rg8 38. Kf2 Rg5 39. Nh3 Rg8 40. Nf4 Rg5 41. g3 Rg8 42. Kg2 Rg5 43. Ne2 Ke6 44. Nc3 Rg8 45. Ne2 Rg5 46. Nf4+ Kd7 47. Ne2 Rg8 48. Nf4 Rg5 49. Ne2 Rg8 50. Nf4 Rg5 51. Ne2 Rg8 52. Nf4 Rg5 53. Ne2 Rg8 54. Nc3 Rg5 55. e4 fxe4 56. fxe4 Bc4 57. Kf3 Ke6 58. Nd1 Rg8 59. c3 Rg6 60. Nb2 Bb3 61. Nd3 Rh6 62. Nf4+ Ke7 1/2-1/2

[Event "Reunion op 19th"]
[Site "St Denis"]
[Date "2017.10.16"]
[Round "1"]
[White "Larmet, Nino"]
[Black "Juillien, Thibault"]
[Result "1-0"]
[WhiteElo "1563"]
[BlackElo "1099"]
[PlyCount "73"]
[EventDate "2017.10.16"]
[EventType "swiss"]
[EventRounds "7"]
[EventCountry "RUF"]
[SourceTitle "CBM 181 Extra"]
[Source "ChessBase"]
[SourceDate "2017.12.12"]
[SourceVersion "1"]
[SourceVersionDate "2017.12.12"]
[SourceQuality "1"]

1. e4 c5 2. Nf3 d6 3. Bb5+ Bd7 4. Bxd7+ Nxd7 5. 0-0 Ngf6 6. Re1 g6 7. c4 Bg7 8. d4 b6 9. Nc3 0-0 10. b3 Re8 11. Bb2 Qc7 12. Nb5 Qb7 13. d5 a6 14. Nc3 b5 15. Nd2 b4 16. Ne2 a5 17. Qc2 Qc7 18. Ng3 Rac8 19. f4 e5 20. f5 Nf8 21. Nf3 Qd7 22. Bc1 Qe7 23. Bd2 Rb8 24. Qc1 Ng4 25. h3 Nf6 26. Bh6 Rb6 27. Nf1 Qd7 28. g4 Re7 29. Bxg7 Kxg7 30. g5 Nh5 31. f6+ Nxf6 32. gxf6+ Kxf6 33. Qh6 Rb8 34. Ne3 Ree8 35. Ng4+ Ke7 36. Qg5+ f6 37. Qxf6# 1-0

[Event "Reunion op 18th"]
[Site "St Denis"]
[Date "2016.10.11"]
[Round "3"]
[White "Larmet, Nino"]
[Black "Sandjivy, Yann"]
[Result "1-0"]
[WhiteElo "1418"]
[BlackElo "1009"]
[PlyCount "51"]
[EventDate "2016.10.10"]
[EventType "swiss"]
[EventRounds "7"]
[EventCountry "RUF"]
[SourceTitle "CBM 175 Extra"]
[Source "ChessBase"]
[SourceDate "2016.12.12"]
[SourceVersion "1"]
[SourceVersionDate "2016.12.12"]
[SourceQuality "1"]

1. a3 e5 2. b4 Nc6 3. Bb2 Nf6 4. b5 Nd4 5. e3 Nxb5 6. Bxb5 Bd6 7. Nf3 e4 8. Nd4 c5 9. Nf5 0-0 10. Nxd6 Qe8 11. Nxe8 Rxe8 12. Bxf6 gxf6 13. Qg4+ Kf8 14. Bxd7 Rd8 15. Bxc8 Rdxc8 16. Qxe4 Rc6 17. Qxh7 Ke7 18. Nc3 Ke8 19. Qg8+ Ke7 20. Qxa8 Rd6 21. Qxb7+ Ke6 22. Qe4+ Kd7 23. Rb1 c4 24. Rb7+ Kd8 25. Qe7+ Kc8 26. Qc7# 1-0

[Event "Reunion op 17th"]
[Site "St Denis"]
[Date "2015.10.10"]
[Round "9"]
[White "Cazal, Julian"]
[Black "Larmet, Nino"]
[Result "0-1"]
[WhiteElo "1070"]
[BlackElo "1099"]
[PlyCount "48"]
[EventDate "2015.10.10"]
[EventType "swiss"]
[EventRounds "9"]
[EventCountry "RUF"]
[SourceTitle "CBM 168 Extra"]
[Source "ChessBase"]
[SourceDate "2015.10.29"]
[SourceVersion "1"]
[SourceVersionDate "2015.10.29"]
[SourceQuality "1"]

1. e4 c5 2. Nc3 Nc6 3. Nf3 e6 4. Bc4 a6 5. d3 b5 6. Bb3 Nf6 7. 0-0 d5 8. e5 Ng4 9. Bg5 Be7 10. Qd2 0-0 11. Qf4 f5 12. exf6 Nxf6 13. Rfe1 c4 14. dxc4 dxc4 15. Ne5 Nxe5 16. Rxe5 cxb3 17. axb3 h6 18. Bxh6 Rf7 19. Ne4 Nd7 20. Rg5 Bxg5 21. Nxg5 Qf6 22. Qe4 Qxf2+ 23. Kh1 Qf1+ 24. Rxf1 Rxf1# 0-1